<?xml version="1.0" encoding="UTF-8"?>
<record
    xmlns:xsi="http://www.w3.org/2001/XMLSchema-instance"
    xsi:schemaLocation="http://www.loc.gov/MARC21/slim http://www.loc.gov/standards/marcxml/schema/MARC21slim.xsd"
    xmlns="http://www.loc.gov/MARC21/slim">

  <leader>01590nam a22001697a 4500</leader>
  <controlfield tag="008">121031t        xxu||||| |||| 00| 0 eng d</controlfield>
  <datafield tag="020" ind1=" " ind2=" ">
    <subfield code="a">0442016719</subfield>
  </datafield>
  <datafield tag="050" ind1=" " ind2=" ">
    <subfield code="a">T55.K85</subfield>
  </datafield>
  <datafield tag="100" ind1=" " ind2=" ">
    <subfield code="a">Krause, Thomas R.</subfield>
  </datafield>
  <datafield tag="245" ind1=" " ind2=" ">
    <subfield code="a">Employee-driven systems for safe behavior /</subfield>
    <subfield code="c">Thomas R. Krause</subfield>
  </datafield>
  <datafield tag="260" ind1=" " ind2=" ">
    <subfield code="a">New York:</subfield>
    <subfield code="b">Thomson,</subfield>
    <subfield code="c">c1995.</subfield>
  </datafield>
  <datafield tag="300" ind1=" " ind2=" ">
    <subfield code="a">xii, 284p.</subfield>
    <subfield code="b">ill</subfield>
    <subfield code="c">23cm.</subfield>
  </datafield>
  <datafield tag="500" ind1=" " ind2=" ">
    <subfield code="a">Includes index</subfield>
  </datafield>
  <datafield tag="505" ind1=" " ind2=" ">
    <subfield code="a">Contents: Emplyee-driven systems for safe behavior: The Driving mechanism of continuous improvement in safety -- Using behavioral data to sustain continuous improvement in safety -- Foundation concepts of behavior-based safety management -- Managing the attitude-behavior linkage -- Shared principles of safety and quality improvement -- Methods for continuous improvement in safety: Measurement of safety performance -- Using statistical techniques with incident data -- The Behavioral inventory as a continuous improvement instrument -- Behavior observation as an instrument of continuous improvement -- Current issues in employee-driven safety: Behavior-based safety: the paradigm shift beyond the failures of attitude-based programs -- Employee selection for safety: reducing variation in human performance -- The Behavior-based approach to ergonomics -- Behavior-based safety in a union environment: a natural fit -- Using behavior-based methods to sharpen and sustain adaptive readiness for safety -- Results and case histories: Results: an outcome study of incidence rates and workers' compensation costs -- Case histories.</subfield>
  </datafield>
  <datafield tag="650" ind1=" " ind2=" ">
    <subfield code="b">Industrial safety. </subfield>
  </datafield>
  <datafield tag="942" ind1=" " ind2=" ">
    <subfield code="2">lcc</subfield>
    <subfield code="c">BK</subfield>
  </datafield>
  <datafield tag="999" ind1=" " ind2=" ">
    <subfield code="c">2471</subfield>
    <subfield code="d">9971</subfield>
  </datafield>
  <datafield tag="952" ind1=" " ind2=" ">
    <subfield code="0">0</subfield>
    <subfield code="1">0</subfield>
    <subfield code="2">lcc</subfield>
    <subfield code="4">0</subfield>
    <subfield code="7">0</subfield>
    <subfield code="a">WIUC-1</subfield>
    <subfield code="b">WIUC-1</subfield>
    <subfield code="c">GEN</subfield>
    <subfield code="d">2012-10-31</subfield>
    <subfield code="l">0</subfield>
    <subfield code="o">T55.K85</subfield>
    <subfield code="p">5883/12</subfield>
    <subfield code="r">2012-10-31 00:00:00</subfield>
    <subfield code="w">2012-10-31</subfield>
    <subfield code="y">BK</subfield>
  </datafield>
</record>
